The Silmarillion: Who Said It? - Statistics

General Stats
  • This quiz has been taken 24 times
  • The average score is 7 of 12
Answer Stats
Hint Answer % Correct
'Get thee gone from my gate, thou jail-crow of Mandos!' Feanor
100%
"O King to whom all birds are dear, speed now this featheredshaft, and recall some pity for the Noldor in their need!" FIngon
81%
"If there lay no grievance beetween us, lord, still the kingshipwould rightly come to you, the eldest here of the house of Finwe, and not the least wise." Maedhros
76%
"Your horse, I keep for the service of Luthien, and it may be accountedhappy to be free of such a master." Beren
71%
"Where are Haldad my brother and Haldar my brother? If the Kingof Doriath fears a friendship beetween Haleth and those who have devoured her kin, then the thoughts of the Eldar are strange to men." Haleth
71%
"Be content we have returned, for only under an oath of silence was this permitted. Hurin
67%
"Go hence, unto a swift and bitter death" Curufin
43%
"High shall climb the trees of Kementari, that the Eaglesof the King may house therein!" Yavanna
43%
"Nay, let us make war swiftly! Have we not rested fromstrife overlong, and is not our strength now renewed? Shall one alone contest with us for ever?" Tulkas
38%
"A darkness lies behind us, and we have turned our backs uponit, and we do not desire to return thither even in thought. Westwards our hearts have been turned, and we believe that there we shall find light" Beor
29%
"Your oaths of faith to me you may break, but I must hold my bond.Yet if there be any on whom the shadow of our curse has not yet fallen, I should find at least a few to follow me, and should not go hence as a beggar that is thrust from the gates." Finrod Felagund
29%
"The doom lies in yourself, not in your name." Gwindor
19%
No matching quizzes found
Score Distribution
Percent of People with Each Score
Percentile by Number Answered
Your Score History
You have not taken this quiz